News about COVID-19: Unraveling the Market Reactions and Investor Sentiment across Different Stock Exchanges

Vplyv správ o šírení koronavírusu na výnosy akciových trhov.

Uložené v:
Podrobná bibliografia
Hlavný autor: Albrecht, P.
Ďalší autori: Maršálková, Lucie, Dorňák, Pavel
Médium: Kapitola
Jazyk:English
Predmet:
Tagy: Pridať tag
Žiadne tagy, Buďte prvý, kto otaguje tento záznam!

MARC

LEADER 00000naa a2200000 4500
001 0297342
005 20231129092739.7
041 0 |a eng 
044 |a SK 
245 1 0 |a News about COVID-19: Unraveling the Market Reactions and Investor Sentiment across Different Stock Exchanges  |c P. Albrecht, Lucie Maršálková, Pavel Dorňák 
520 |a Vplyv správ o šírení koronavírusu na výnosy akciových trhov. 
610 2 0 |a pandémia 
610 2 0 |a burzy 
610 2 0 |a investori 
610 2 0 |a pozornosť aktívna 
610 2 0 |a postoje 
100 1 |a Albrecht, P. 
700 1 |a Maršálková, Lucie 
700 1 |a Dorňák, Pavel